The psychology of closing sales

Bibliographic Details
Main Author: Patton, Forrest H
Format: Book
Published: New York : Prentice Hall Press , 1984
Subjects:

MARC

LEADER 00000cam a2200000 7i4500
001 0000023744
005 20081016.0
008 081016
020 |a 0137356633 
090 0 0 |a 658.85   |b PAT 
100 1 |a Patton, Forrest H 
245 1 4 |a The psychology of closing sales   |c Forrest H Patton 
260 |a New York :   |b Prentice Hall Press ,   |c 1984 
650 0 |a Selling   |x Psychological aspects 
999 |a 0001019581   |b Book   |c Adult Collection   |e Perbadanan Perpustakaan Awam Johor